| 000 | 00643nam a22002057a 4500 | ||
|---|---|---|---|
| 003 | OSt | ||
| 005 | 20260114024558.0 | ||
| 008 | 260114b |||||||| |||| 00| 0 eng d | ||
| 020 | _a 978-621-8035-97-3 | ||
| 040 |
_aDWC-Main lib _cOC |
||
| 082 | _aFil. 371.102 L933f 2020 | ||
| 100 | _aLucas, Maria Rita D. Et.al | ||
| 245 |
_aFacilitating learner- Centered teaching/ _cMaria Rita D. Lucas |
||
| 260 |
_aQuezon City : _bLorimar Publishing, _cc2020. |
||
| 300 |
_axx , 290 pages : _billustrations ; _c26cm. |
||
| 650 | _a1. Cognitive learning | ||
| 650 | _a2. Educational | ||
| 650 | _a3. Teaching | ||
| 942 |
_2ddc _cBK - FIL _kFil. _n0 |
||
| 999 |
_c7357 _d7357 |
||